| 000 | 00887nmc a2200325 a 4500 | ||
|---|---|---|---|
| 003 | AR-BaBNM | ||
| 005 | 20251128204947.0 | ||
| 008 | 066019s1983 ||||||||||||||000 | spa|| | ||
| 020 | _a950-23-0036-X | ||
| 040 | _cAR-BaBNM | ||
| 100 | 1 | _aSauvy, Alfred | |
| 245 | 1 | 0 |
_aLa población _bsus movimientos, sus leyes |
| 250 | _a8ª ed. | ||
| 260 |
_aBuenos Aires _bEudeba _c1983 |
||
| 300 | 0 |
_a143 p. _bgráfs., tablas |
|
| 490 | 0 |
_aCuadernos _vv. 28 |
|
| 500 | 0 | _aContiene referencias bibliográficas al término del texto | |
| 650 | 4 | _aDEMOGRAFIA | |
| 650 | 4 | _aCIENCIAS SOCIALES | |
| 650 | 4 | _aANALISIS DEMOGRAFICO | |
| 650 | 4 | _aCENSOS DE POBLACION | |
| 650 | 4 | _aPOBLACION | |
| 650 | 4 | _aINVESTIGACION DEMOGRAFICA | |
| 650 | 4 | _aFECUNDIDAD | |
| 650 | 4 | _aMORTALIDAD | |
| 650 | 4 | _aNATALIDAD | |
| 700 | 1 |
_aLarralde, Juan Carlos _etraductor |
|
| 942 | _cBK | ||
| 998 | _cMARTIN | ||
| 999 |
_c9493 _d9493 |
||